Землетрясения и основы сейсмического районирования Монголии

Bibliografiset tiedot
Yhteisötekijät: Академия наук СССР (АН СССР) Сибирское отделение (СО) Институт земной коры (ИЗК), Академия наук Монгольской Народной Республики (АН МНР) Институт физики и техники
Muut tekijät: Хилько С. Д. Станислав Данилович, Курушин Р. А. Рудольф Александрович, Кочетков В. М. Владимир Матвеевич, Мишарина Л. А. Лариса Александровна, Мельникова В. И. Валентина Ивановна
Kieli:venäjä
Julkaistu: Москва, Наука, 1985
Sarja:Совместная советско-монгольская научно-исследовательская геологическая экспедиция Вып. 41
Aiheet:
Aineistotyyppi: MixedMaterials Kirja
KOHA link:https://koha.lib.tpu.ru/cgi-bin/koha/opac-detail.pl?biblionumber=284226

MARC

LEADER 00000nam0a2200000 4500
001 284226
005 20231101235656.0
020 |a RU  |b 85-21530ж 
035 |a (RuTPU)RU\TPU\book\308366 
090 |a 284226 
100 |a 20150212d1985 k y0rusy5003 ca 
101 0 |a rus 
102 |a RU 
105 |a ab z 001zy 
200 1 |a Землетрясения и основы сейсмического районирования Монголии  |f С. Д. Хилько [и др.]  |g Академия наук СССР (АН СССР), Сибирское отделение (СО), Институт земной коры (ИЗК) ; Академия наук Монгольской Народной Республики (АН МНР), Институт физики и техники 
210 |a Москва  |c Наука  |d 1985 
215 |a 224 с.  |c ил., карт.  |d 24 см  |e карта 
225 1 |a Совместная советско-монгольская научно-исследовательская геологическая экспедиция  |e труды  |v Вып. 41 
320 |a Библиогр.: с. 215-222 
606 1 |a Землетрясения  |2 stltpush  |3 (RuTPU)RU\TPU\subj\11717  |9 38626 
606 1 |a Сейсмическое районирование  |2 stltpush  |3 (RuTPU)RU\TPU\subj\54383  |9 72540 
610 1 |a Монгольская Народная Республика 
610 1 |a сейсмичность 
610 1 |a история 
610 1 |a макросейсмические данные 
610 1 |a сейсмологические данные 
610 1 |a анализ 
610 1 |a сейсмотектоника 
610 1 |a сейсмическое районирование 
610 1 |a геолого-геофизические данные 
610 1 |a прогноз 
675 |a 550.348.346  |z rus  |v 3 
675 |a 550.343.4  |z rus  |v 3 
701 1 |a Хилько  |b С. Д.  |g Станислав Данилович 
701 1 |a Курушин  |b Р. А.  |g Рудольф Александрович 
701 1 |a Кочетков  |b В. М.  |g Владимир Матвеевич 
701 1 |a Мишарина  |b Л. А.  |g Лариса Александровна 
701 1 |a Мельникова  |b В. И.  |g Валентина Ивановна 
712 0 2 |a Академия наук СССР (АН СССР)  |b Сибирское отделение (СО)  |b Институт земной коры (ИЗК)  |c (Иркутск)  |c (1957-1962)  |2 stltpush  |3 (RuTPU)RU\TPU\col\11543 
712 0 2 |a Академия наук Монгольской Народной Республики (АН МНР)  |b Институт физики и техники  |2 stltpush  |3 (RuTPU)RU\TPU\col\20635 
801 0 |a RU  |b RuMRKP  |c 19950704  |g psbo 
801 1 |a RU  |b 63413507  |c 20150212 
801 2 |a RU  |b 63413507  |c 20170216  |g RCR 
942 |c BK